Представление документа в формате RUSMARC

ПолеНазваниеЗначение
  Тип записи a
  Библиографический уровень c
001 Контрольный номер RU/SLIB/B/208782104
005 Дата корректировки 20240209115734.0
010 Индекс ISBN __
d Цена 1-14
100 Данные общей обработки __
a Данные общей обработки 20240209d1977 m y0rusy028902 ca
101 Язык документа 0_
a Язык текста rus
102 Страна публикации __
a Страна публикации RU
105 Кодированные данные (монография) __
a Кодированные данные (монография) a z 000ay
181 Поле кодированных данных: вид содержания _0
a Код вида содержания (ISBD) i
182 Поле кодированных данных: тип средства _0
a Код типа средства (ISBD) n
200 Заглавие и сведения об ответственности 1_
a Заглавие Избранные произведения
f Первые сведения об ответственности В. П. Катаев
b Общее обозначение материала Текст
h Номер части Т. 1
i Наименование части Новая проза, 1960-1973
210 Выходные данные 1_
a Место издания М.
c Издательство Худож. лит.
d Дата издания 1977
215 Физическое описание __
a Объем 575 с., 1 л. портр.
327 Примечание о содержании 0_
a Примечание о содержании Маленькая железная дверь в стене
606 Тематические рубрики __
a Основная рубрика Художественная литература
y Географическая подрубрика Россия
2 Код системы nlr_sh
606 Тематические рубрики __
a Основная рубрика Русская литература XX в. (произведения)
2 Код системы nlr_sh
610 Ключевые слова 0_
a Ключевые слова писатели; проза; прозаики; рассказы; повести; романы
686 Индексы других классификаций __
a Классификационный индекс 84(2Рос=Рус)6-4
2 Код системы rubbks
700 Автор _1
a Фамилия Катаев
b Имя В. П.
4 Код отношения 070
f Даты 1897-1986
g Полное личное имя Валентин Петрович
801 Источник записи _0
a Страна RU
b Организация Муниципальное бюджетное учреждение культуры "Централизованная библиотечная система" г. Сургут (Центральная городская библиотека им. А. С. Пушкина)
g Правила каталогизации PSBO
801 Источник записи _1
a Страна RU
b Организация Муниципальное бюджетное учреждение культуры "Централизованная библиотечная система" г. Сургут (Центральная городская библиотека им. А. С. Пушкина)
g Правила каталогизации PSBO
852 Данные о местонахождении __
j Шифр хранения 84(2Рос=Рус)6-4
i Авторский знак К 29
p Инвентарный номер 90408(с);90417(с)
901 Тип документа __
t Тип документа x
a Ответственный КиК/Лебедева
901 Тип документа __
a Ответственный СКБР2024
903 Характеристики (МАРС) __
c Наименование библиотеки (МАРС) Муниципальное бюджетное учреждение культуры "Централизованная библиотечная система" г. Сургут (Центральная городская библиотека им. А. С. Пушкина)
969 Тип издания __
a Тип издания сборник
990 Данные о заказе (DOS) __
j Количество экземпляров (DOS) 2